logo

Bir Sreshtho Munshi Abdur Rouf Library
Jhenaidah Cadet College

জমীদার দর্পণ / (Record no. 6253)

MARC details
000 -LEADER
fixed length control field 00648nam a2200217 4500
001 - CONTROL NUMBER
JCCL Control Number 6253
003 - CONTROL NUMBER IDENTIFIER
JCCL marc code BD-JhCC
005 - DATE AND TIME OF LATEST TRANSACTION
control field 20180210074441.0
008 - FIXED-LENGTH DATA ELEMENTS--GENERAL INFORMATION
fixed length control field 171003s1998 bg |||| |a|| 000 0 ben d
035 ## - SYSTEM CONTROL NUMBER
system control number (BD-JhCC)6253
040 ## - CATALOGING SOURCE
Original cataloging agency BD-JhCC
Modifying agency BD-JhCC
041 ## - LANGUAGE CODE
Language code of Book ben
082 ## - DEWEY DECIMAL CLASSIFICATION NUMBER
Classification number 891.442
Author mark and Year HOS 1998
100 ## - MAIN ENTRY--PERSONAL NAME
Personal name হোসেন, মীর মশাররফ
245 ## - TITLE STATEMENT
Title জমীদার দর্পণ /
Statement of responsibility, etc মীর মশাররফ হোসেন
260 ## - PUBLICATION, DISTRIBUTION, ETC. (IMPRINT)
Place of publication, distribution, etc ঢাকা :
Name of publisher, distributor, etc প্রগতি ট্রেডার্স,
Date of publication, distribution, etc 1998.
300 ## - PHYSICAL DESCRIPTION
Pagination 105 p. :
Dimensions 21 cm.
650 ## - SUBJECT ADDED ENTRY--TOPICAL TERM
Topical term or geographic name as entry element Bengali Drama
942 ## - ADDED ENTRY ELEMENTS (KOHA)
Source of classification or shelving scheme Dewey Decimal Classification
Koha item type Books
Holdings
Source of classification or shelving scheme Damaged status Not for loan Home library Current library Shelving location Date of accession Cost, normal purchase price Total Checkouts Full call number Barcode Date last seen Copy number Koha item type Method of acquisition Currency
Dewey Decimal Classification     JCC Rouf Library JCC Rouf Library General Stacks 01/18/2018 22.00   891.442 HOS 1998 8084 01/18/2018 C-1 Books    
Dewey Decimal Classification     JCC Rouf Library JCC Rouf Library General Stacks   13.00   891.442 HOS 1998 9888 02/10/2018 C-2 Books    
Dewey Decimal Classification     JCC Rouf Library JCC Rouf Library General Stacks       891.442 HOS 2007 19487 05/19/2024 C-3 Books Purchase BDT

JCC Library | Contacts | JCC Home

Last Update on 23 September 2017
Copyright @ 2017-2020 JCC Rouf Library
Rouf Library, Jhenidah Cadet College (JCC), Bangladesh